000 00683nam a2200241Ia 4500
005 20260430150118.0
008 008 250103s9999 xx 000 0 eng d
037 _aTheses
040 _aCRL
040 _beng
040 _ceng
041 _2eng
041 _aeng
084 _qCRL
100 _aKaur Amanpreet Au.; Kar Rabi Narayan Gu.
_91236495
245 0 _aPerformance of socially responsible investing: A Comparative study of developing and developed countries
260 _c2022
300 _a277p.
650 _aCommerce
700 _aUniversity of Delhi. Faculty of Commerce and Business. Department of Commerce
942 _cTH
999 _c1848977
_d1848977